00438nam a2200133 a 450000500170000000800410001705000220005810000210008024500160010126000400011744000280015799900190018595201000020420140414131849.0100720s19uu xx 00 eng d aM 372.4bM43 1986 aMatteoni, Louise aEarly tide. aOklahoma :bEconomy company,c1986. aEconomic reading series c110070d110070 001040aMUbMUcMd2010-07-20l0oM 372.4 M43 1986pM0321r2014-04-14 00:00:00w2014-04-14yBK